000 00941cam a22001934a 4500
005 20250605164216.0
008 250528s ||||||||||||||||||||||||d
035 _a20466
020 _a701208287
040 _aGR-AtMCL
_bgre
_dGR-AtMCL
_eAACR2
245 1 _aModern Tragedy
260 _bThe Hogarth Press,
_c1992
300 _a288
520 _aA classic work of cultural criticism, Modern Tragedy is a study of the dramatic form in the twentieth century. Acknowledgements, Foreword, Tragic Ideas, Tragedy and Experience, Tragedy and the Tradition, Tragedy and Contemporary Ideas, Tragedy and Revolution, Continuity, Modern Tragic Literature, From Hero to Victim, Private Tragedy, Social and Personal Tragedy, Tragic Deadlock and Stalemate, Tragic Resignation and Sacrifice, Tragic Despair and Revolt, A Rejection of Tragedy, Koba, Index.
700 1 _aWilliams Raymond
_9642
942 _cBK
999 _c5570
_d5570